000 00304nam a2200145Ia 4500
100 _aKeiser/Gerd
942 _cBK
654 _aLocal area networks
245 _aLocal Area Networks
260 _bMc Graw Hill
_aSingapore
_c1989
082 _a4.68
300 _a420
546 _aENGLISH
999 _c18876
_d18876